1487 1087 1964 1866 1394 1977 1685 1167 1797 1549 1404 1647 1114 1264 1149 1986 1022 1375 1720 1006 1127 1985 1222 1641 1566 1794 1104 1877 1336 1995 1465 1122 1052 1474 1739 1886 1463 1678 1021 1703 1509 1558 1938 1832 1576 1760 1807 1528 1379 1631 1483 1985 1387 1630 1982 1997 1830 1103 1990 1040 1761 1606 1682 1426 1136 1179 1574 1565 1826 1369 1527 1296 1920 1123 1334 1474 1964 1662 1213 1707 1145 1970 1048 1681 1729 1681 1415 1613 1376 1242 1901 1806 1796 1510 1556 1360 1102 1421 1865 BCNSPRNW ULIB Ver.6.0+V

เปลี่ยนเป็นภาษาไทย

Change to English
 แสดงรายละเอียดบรรณานุกรม
  กลับหน้าหลัก

Brief Record : Get Marc (ISO 2709) : E-mail record : QR code < ปิดหน้าต่าง
LEADER : 00000nam 2200000uu 4500
001    13399122584
003     ULIB
008    130731s2541||||th 000 0 tha d
099 0  ^aวจ.W21.5^bส691
100 0  ^a
110 1  ^aกระทรวงสาธารณสุข^bสถาบันพระบรมราชชนก
245 10 ^aรายงานผลการศึกษา การวิเคราะห์สถานการณ์และแนวโน้มการพัฒนาบุคลากรในกลุ่มเจ้าหน้าที่รังสีการแพทย์ ของกระทรวงสาธารณสุข./^cสถาบันพระบรมราชชนก
260    ^aนนทบุรี :^bสถาบันพระบรมราชชนก,^c2541
300    ^a169 หน้า : ^bตาราง
650  4 ^aเจ้าหน้าที่รังสีการแพทย์^xพัฒนาบุคลากร
700 0  วิพรรณ วัฒนชีพ
945    ^p0^l0^i20028
999    ^aทศพร เกษรทอง
รายการนี้ยังไม่มีแท็ก
คุณยังไม่ได้ล็อกอิน คุณสามารถมีกิจกรรมร่วมกับเว็บไซต์ได้ แต่ต้องล็อกอินก่อน ::
  ล็อกอิน

รายการสื่อสารสนเทศ

ลำดับที่ ประเภท เลขเรียก/บาร์โค้ด สถานที่ สถานะ
1. งานวิจัย
งานวิจัย
วจ.W21.5 ส691 ฉ.1 
  Barcode: 20028
ห้องสมุดวิทยาเขตสวรรค์ประชารักษ์
►วิจัย
บนชั้น

รายการใกล้เคียง
    ผู้แต่ง []

BibComment


ยังไม่เคยถูกคอมเมนท์

คอมเมนท์ทรัพยากรรายการนี้
  คอมเมนท์: รายงานผลการศึกษา..


 Copyright 2026. Bcnsprnw @Library